Informe sobre les polítiques locals de consum a la província de Barcelona : 1999 - 2008 1999 - 2008
ISBN:
978-84-9803-390-8
Publicado:
Barcelona :
Diputació de Barcelona. Àrea de Salut Pública i Consum. Servei de Suport a les Polítiques de Consum ,
2010
Descripción Física:
175 p. ; 29 cm
MARC
| LEADER | 00000nam a2200000Ia 4500 | ||
|---|---|---|---|
| 001 | 22648 | ||
| 008 | 160829s2010 xx 000 0 cat d | ||
| 020 | |a 978-84-9803-390-8 | ||
| 080 | |a M-6-349 | ||
| 245 | |a Informe sobre les polítiques locals de consum a la província de Barcelona : |b 1999 - 2008 | ||
| 260 | |a Barcelona : |b Diputació de Barcelona. Àrea de Salut Pública i Consum. Servei de Suport a les Polítiques de Consum, |c 2010 | ||
| 300 | |a 175 p. ; |c 29 cm | ||
| 490 | |a Documents de treball. Desenvolupament econòmic ; 11 | ||
| 590 | |a Bibliografia | ||
| 650 | |a Consumidors |x Barcelona (Província) |9 43402 | ||
| 650 | 0 | |a Municipis |x Govern i administració |x Barcelona (Catalunya : Província) |9 42329 | |
| 710 | 1 | |a Barcelona (Catalunya : Província). |b Servei de Suport a les Polítiques de Consum |9 52739 | |
| 901 | |a Arxiu | ||
| 942 | |n 1 | ||
| 952 | |0 0 |1 0 |4 0 |6 M6349 |7 1 |9 52301 |a Arxiu |b Arxiu |d 2016-12-01 |l 0 |o M-6-349 |p 22648 |r 2016-12-01 00:00:00 |w 2016-12-01 |y ARXIU | ||
| 999 | |c 56149 |d 56149 | ||